| 000 | 00697cam a2200289 4500 | ||
|---|---|---|---|
| 008 | 090401t1995 xxu||||| |||| 00| 0 eng d | ||
| 020 | _a1874698163 | ||
| 035 | _a(Sirsi) u73472 | ||
| 041 | _aeng | ||
| 050 | _a614.7026 | ||
| 100 | _aPugh, Charles | ||
| 245 | _aPollution & personal injury: toxic torts II. | ||
| 250 | _a2nd ed. | ||
| 260 |
_aLondon _bCameron May _c1995 |
||
| 300 | _a297p. ; 24cm. | ||
| 350 | _a65 | ||
| 650 | _aAIR POLLUTION | ||
| 650 | _aCONTAMINATED LAND | ||
| 650 | _aENVIRONMENTAL LAW | ||
| 650 | _aNOISE POLLUTION | ||
| 650 | _aNUISANCE | ||
| 650 | _aWATER POLLUTION | ||
| 690 | _aLAW | ||
| 700 | _aDay, Martyn | ||
| 942 | _n0 | ||
| 948 | _c04/03/1997 | ||
| 999 |
_c95606 _d95606 |
||